Enciclopedia Abrete Sesamo : (Registro nro. 15134)
[ vista simple ]
| 000 -LIDER | |
|---|---|
| fixed length control field | 00846nam a2200241 4500 |
| 003 - IDENTIFICACDOR DE NÚMERO DE CONTROL | |
| control field | DO-SdBPM |
| 005 - DATE AND TIME OF LATEST TRANSACTION | |
| control field | 20250610094831.0 |
| 008 - ELEMENTOS DE LONGITUD FIJA | |
| fixed length control field | 161121b1985 sp ||| 00| 0 spa d |
| 020 ## - ISBN | |
| International Standard Book Number | 847515476X |
| 040 ## - FUENTE DE CATALOGACIÓN | |
| Agencia que crea de manera original el registro | DO-SdBPM |
| Idioma de catalogación | spa |
| Agencia que realiza la transcripción | BPMSU |
| Convenciones de la despripción | |
| 082 #4 - NÚMERO DE CLASIFICACIÓN DECIMAL DE DEWEY | |
| Classification number | R372.403 |
| Item number | IG24a 1985 |
| Edition number | 22 |
| 100 1# - ASIENTO PRINCIPAL -- NOMBRE PERSONAL | |
| Nombre personal | Iglesia, Saro de la |
| 245 10 - MENCIÓN DE TITULO | |
| Título | Enciclopedia Abrete Sesamo : |
| Subtítulo | el libor de la A / |
| Mención de responsabilidad | Saro de la Iglesia ; ilustraciones J. L. fernán |
| 260 ## - PUBLICACIÓN, DISTRIBUCIÓN, ETC. (PIE DE IMPRENTA) | |
| Lugar de publicación, distribución, etc | Madrid , España : |
| Nombre del editor, distribuidor, etc. | Montena- Orby , |
| Fecha de publicación, distribución, etc | 1985 |
| 300 ## - DESCRIPCIÓN FÍSICA | |
| Extensión | varias paginaciones |
| Otros detalles físicos | ilustraciones ; |
| Dimensiones | 26 cm |
| 590 ## - NOTA LOCAL | |
| Texto de la nota local | Inventariado, 2025/VM |
| 650 #4 - ENCABEZAMIENTO DE MATERIA--TEMÁTICO | |
| Término temático o nombre geográfico como elemento de entrada | Educación preescolar |
| Subdivisión de forma | Enciclopedias. |
| 650 #4 - ENCABEZAMIENTO DE MATERIA--TEMÁTICO | |
| Término temático o nombre geográfico como elemento de entrada | Lectura recreativa |
| Subdivisión de forma | Enseñanza |
| 650 #4 - ENCABEZAMIENTO DE MATERIA--TEMÁTICO | |
| Término temático o nombre geográfico como elemento de entrada | Libros y lecturas para niños |
| 700 1# - ASIENTO SECUNDARIO -- NOMBRE PERSONAL | |
| Nombre personal | Fernán, J. L. |
| Mención de responsabilidad | ilustraciones |
| 910 ## - VALIDACIÓN | |
| Validación | VMateo V. Control de calidad. BPMSU |
| 942 ## - ADDED ENTRY ELEMENTS (KOHA) | |
| Source of classification or shelving scheme | Dewey Decimal Classification |
| Koha item type | Libros |
| Withdrawn status | Lost status | Source of classification or shelving scheme | Damaged status | Not for loan | Collection code | Home library | Current library | Date acquired | Total Checkouts | Full call number | Barcode | Date last seen | Price effective from | Koha item type | Copy number |
|---|---|---|---|---|---|---|---|---|---|---|---|---|---|---|---|
| Dewey Decimal Classification | Colección de Referencia General | Biblioteca Pública Metropolitana Salomé Ureña | Biblioteca Pública Metropolitana Salomé Ureña | 06/10/2025 | BPMSU CGRI R372.403 I24a 1985 | BPMSU25060024 | 06/10/2025 | 06/10/2025 | Libros | ||||||
| Dewey Decimal Classification | Colección de Referencia General | Biblioteca Pública Metropolitana Salomé Ureña | Biblioteca Pública Metropolitana Salomé Ureña | 06/10/2025 | BPMSU CGRI R372.403 I24a 1985 | BPMSU25060025 | 06/10/2025 | 06/10/2025 | Libros | e.2 |